About reptiles : (Record no. 2205)

MARC details
000 -LEADER
fixed length control field 01062pam a2200289 a 4500
005 - DATE AND TIME OF LATEST TRANSACTION
control field 20231110103217.0
020 ## - INTERNATIONAL STANDARD BOOK NUMBER
International Standard Book Number 1561451835
020 ## - INTERNATIONAL STANDARD BOOK NUMBER
International Standard Book Number 9781561452330
040 ## - CATALOGING SOURCE
Original cataloging agency DLC
Transcribing agency DLC
Modifying agency DLC
Language of cataloging eng
050 00 - LIBRARY OF CONGRESS CALL NUMBER
Classification number QL644.2
Item number .S5 1999
082 00 - DEWEY DECIMAL CLASSIFICATION NUMBER
Classification number 597.9
Edition number 21
100 1# - MAIN ENTRY--PERSONAL NAME
Personal name Sill, Cathryn P.
Dates associated with a name 1953-
245 10 - TITLE STATEMENT
Title About reptiles :
Remainder of title a guide for children /
Statement of responsibility, etc. Cathryn Sill ; illustrated by John Sill.
250 ## - EDITION STATEMENT
Edition statement First trade paparback edition published 2003
260 ## - PUBLICATION, DISTRIBUTION, ETC.
Place of publication, distribution, etc. Atlanta :
Name of publisher, distributor, etc. Peachtree,
Date of publication, distribution, etc. 1999
300 ## - PHYSICAL DESCRIPTION
Extent 33 unnumbered pages :
Other physical details illustrations
Dimensions 21x25 cm
505 ## - FORMATTED CONTENTS NOTE
Formatted contents note H
520 ## - SUMMARY, ETC.
Summary, etc. Depicts how physical characteristics, habitat, movement, feeding and hunting behavior, and life cycle can vary in different kinds of reptiles, including the corn snake, eastern box turtle, and American alligator.
521 ## - TARGET AUDIENCE NOTE
Target audience note 460
Source Lexile
521 ## - TARGET AUDIENCE NOTE
Target audience note H
Source Raz-Plus
650 #0 - SUBJECT ADDED ENTRY--TOPICAL TERM
Topical term or geographic name entry element Reptiles
General subdivision Juvenile literature.
650 #1 - SUBJECT ADDED ENTRY--TOPICAL TERM
Topical term or geographic name entry element Reptiles.
700 1# - ADDED ENTRY--PERSONAL NAME
Personal name Sill, John
Relator term illustrator
906 ## - LOCAL DATA ELEMENT F, LDF (RLIN)
a 7
b cbc
c orignew
d 1
e ocip
f 19
g y-gencatlg
942 ## - ADDED ENTRY ELEMENTS (KOHA)
Source of classification or shelving scheme Dewey Decimal Classification
Koha item type Books
Suppress in OPAC No
999 ## -
-- 2205
-- 2205
Holdings
Withdrawn status Lost status Source of classification or shelving scheme Damaged status Not for loan Collection Home library Current library Shelving location Date acquired Total Checkouts Full call number Barcode Date last seen Date last checked out Price effective from Koha item type
    Dewey Decimal Classification     Non-Fiction Footprints International School Library Network Toul Kork Campus Footprints International School Library Network Toul Kork Campus TK Primary Library Room(4th Floor), Bookcase 1&2, Shelves 1-16, Dark Blue Books 11/10/2023 1 SIL 597.9 QL644.2 FISTK02493 02/29/2024 02/22/2024 11/10/2023 Books